000 00654nam a2200205 a 4500
001 21556
003 CO-ViMGA
008 141112s2004 ck r 000 u spa d
020 _a8484880893
040 _aCO-ViMGA
_bspa
_cCO-ViMGA
082 0 4 _aMAYv
100 1 _aMayhew, James
_930792
245 1 0 _aCarlota visita londres
260 _aBarcelona :
_bSerres,
_c2003
300 _a32
590 _aForma de adquisición : Donación fact. 8849 - - Precio : 54000 - - Proveedor : Fundación exito - - Fecha de adquisición : Junio 2007
650 1 4 _aCUENTOS INFANTILES INGLESES
_915884
650 1 4 _aLIBROS ILUSTRADOS PARA NIÑOS
_92001
942 _2ddc
_cBK
999 _c30141
_d30141